书目信息 |
| 题名: |
柳亚子诗词选
|
|
| 作者: | 柳亚子 著 ;柳无非 , 柳无垢 选辑 | |
| 分册: | ||
| 出版信息: | 北京 人民文学出版社 1981 |
|
| 页数: | 214页 | |
| 开本: | 21cm | |
| 丛书名: | ||
| 单 册: | ||
| 中图分类: | I226 , I22 | |
| 科图分类: | ||
| 主题词: | 诗歌--中国--现代--选集 , 韵文--中国 , 诗歌--中国 | |
| 电子资源: | ||
| ISBN: | ||
| 000 | 00813nam0 2200301 45 | |
| 001 | 0181001907 | |
| 005 | 20070728083637.50 | |
| 010 | @dCNY0.77 | |
| 091 | @a10019.1391 | |
| 100 | @a19950608d1981 em y0chiy0121 ea | |
| 101 | 0 | @achi |
| 102 | @aCN@b110000 | |
| 105 | @ay z 000gy | |
| 200 | 10 | @a柳亚子诗词选@Aliu ya zi shi ci xuan@f柳亚子著@g柳无非,柳无垢选辑 |
| 205 | @a2版 | |
| 210 | @a北京@c人民文学出版社@d1981 | |
| 215 | @a214页@d21cm | |
| 606 | @a诗歌@y中国@z现代@x选集 | |
| 606 | 0 | @a韵文@x中国 |
| 606 | 0 | @a诗歌@x中国 |
| 690 | @aI226@v3 | |
| 690 | @aI22 | |
| 701 | 0 | @a柳亚子@Aliu ya zi@4著 |
| 702 | 0 | @a柳无非@Aliu wu fei@4选辑 |
| 702 | 0 | @a柳无垢@Aliu wu gou@4选辑 |
| 801 | 2 | @aCN@bNLC@c20070728 |
| 801 | 0 | @aCN@b上海图书馆@c20040415 |
| 905 | @b44231-233@f3@f1@b44235@dI22@e84 | |
| 柳亚子诗词选/柳亚子著/柳无非,柳无垢选辑.-2版.-北京:人民文学出版社,1981 |
| 214页;21cm |
| ISBN :CNY0.77 |
| ● |
| 相关链接 |
|
|
|
|
正题名:柳亚子诗词选
索取号:I22/84
 
预约/预借
| 序号 | 登录号 | 条形码 | 馆藏地/架位号 | 状态 | 备注 |
| 1 | 0044231 | 000966798 | 密集书库/ [索取号:I22/84] | 在馆 | |
| 2 | 0044232 | 000966761 | 密集书库/ [索取号:I22/84] | 在馆 | |
| 3 | 0044233 | 000966805 | 密集书库/ [索取号:I22/84] | 在馆 | |
| 4 | 0044234 | 202082753 | 第一样本阅览室/ [索取号:I22/84] | 在馆 | |
| 5 | 0044235 | 000966850 | 第二借阅区/ [索取号:I22/84] | 在馆 | |
| 6 | 0786492 | 207864925 | 密集书库/ [索取号:I22/84] | 在馆 |